Stagione di debutto in Serie A per squadra - Quiz n°3 - Statistics

Statistiche generali
  • Questo quiz è stato fatto 2 volte
  • Il punteggio medio è 4 su 10
Statistiche sulle risposte
Hint Risposta % Corretto
Frosinone 2015-2016
100%
Padova 1929-1930
50%
Modena 1929-1930
50%
Sampdoria 1946-1947
50%
SPAL 1951-1952
50%
Foggia 1964-1965
50%
Siena 2003-2004
50%
Pro Patria 1929-1930
0%
Lucchese 1936-1938
0%
Pescara 1977-1978
0%
Nessun quiz corrispondente trovato
Distribuzione punteggi
Percentuale di utenti per punteggio
Percentile per numero di risposta
I tuoi punteggi nel tempo
Non hai fatto questo quiz